000 00255nam a22001097a 4500
082 _a621.381 STA'E
100 _aSTANLEY, J. A
_956498
245 _aELECTRONICS FOR THE BEGINNER
260 _aNEWYORK
_bHOWARD W. SAMS
_c1964
300 _a190P
942 _cBK
999 _c566891
_d566891